Регионална библиотека "Любен Каравелов" - Русе

A History of Jewels and Jewellery (Запис номер 115140)

MARC детайли
000 -Лидер
Контролно поле с фиксирана дължина 01343nam a2200373 c 4500
003 - Код на организацията, давaща контролен номер
Контролно поле BLK
005 - Дата и час на последна редакция
Контролно поле 20201007040430.0
008 - Елементи от данни с фиксирана дължина
fixed length control field 180409b bul|||||r ||||||| ||bul||
010 ## - Наследен системен номер
LC control number KNG00120607000
040 ## - Източник на каталожния запис
Идентификатор на билиотеката - собственик на записа BLK
041 ## - Код за език
Код за езика на текст/звукозапис или на отделно заглавие Английски
Код за езика КДБФ Английски
080 ## - УДК
Текстов определител УДК Художествена обработка на метали
УДК код - определител по УДК 739
УДК - код + определител 739
100 1# - Редна дума - Автор
Автор Kuntzsch, Ingrid
Авторска отговорност първи автор
R(LIN) 16168
139 ## - Редно поле
Редна дума Kuntzsch, Ingrid
Авторски знак Ку - К 93
Filing suffix К 92 I
Feature heading К 93 И
245 10 - Сведения за заглавието
Заглавие A History of Jewels and Jewellery
Редно поле (дума) Ingrid Kuntzsch.
257 ## - Страна на издаване
Страна на създаване/издаване Германия
260 ## - Област на издателските данни
Име на издателя, разпространителя и проч. Leipzig
Година на издаване 1979
300 ## - Физическа характеристика
Страници 263 с.
Илюстрации и др. с ил.
Размери/Мащаб 27 см
380 ## - Жанр
Жанр Изкуство
500 ## - Общи забележки
Забележка Библиогр. с. 255-261. - Списък на ил. - Азб. показалец.
650 #4 - Допълнително описание по предмет – тема
Основно описание – тема или топоним Метали - художествена обработка
9 (RLIN) 275804
653 ## - Ключова дума – ненормативна
Ключова дума накити
653 ## - Ключова дума – ненормативна
Ключова дума сребърни предмети
653 ## - Ключова дума – ненормативна
Ключова дума златни предмети
653 ## - Ключова дума – ненормативна
Ключова дума църковна утвар
653 ## - Ключова дума – ненормативна
Ключова дума царски корони
653 ## - Ключова дума – ненормативна
Ключова дума пръстени
653 ## - Ключова дума – ненормативна
Ключова дума метални пластики
700 ## - Други автори (авторска отговорност)
Лично име Кунцх, Ингрид
Автороска отговорност (Описва отношението между автора и произведението) първи автор
9 (RLIN) 1299
852 ## - Местоположение
Форматна сигнатура Цб ІІ 5926
856 4# - Електронен адрес и достъп
Електронен формат pdf - файл
856 4# - Електронен адрес и достъп
Електронен формат pdf - файл
999 ## - СИСТЕМНИ КОНТРОЛНИ НОМЕРА
Koha biblionumber 115140
Koha biblioitemnumber 115140
942 ## - АРТИКУЛИ
Вид на библиотечния материал Книги
Скрит в OPAC Не
Периодичен библиозапис Да
944 ## - СЪЗДАВАНЕ И РЕДАКЦИЯ на ЗАПИСА
Създаване/Редакция Създаване
Дата на регистрацията/редакция 04.01.2011
Статус, дата на статуса добави в АБ / 03.01.2011
Служител, извършил регистрацията/редакцията Наталия_Любомирова
944 ## - СЪЗДАВАНЕ И РЕДАКЦИЯ на ЗАПИСА
Създаване/Редакция Редакция
Дата на регистрацията/редакция 08.10.2015
Статус, дата на статуса добави в АБ / 03.01.2011
Служител, извършил регистрацията/редакцията Ирена_Линкова
999 ## - СИСТЕМНИ КОНТРОЛНИ НОМЕРА
Koha biblioitemnumber 115140
Наличности
Код за отписване Код за изгубен артикул Източник на класификационната схема Код за повреда Коз за рестрикции Код за отдаване Артикулен № Име на библиотеката - собственик Име на библиотеката, в която се намира в момента Статус (Текущо местоположение) Дата на вписване в системата Местоположение - отдел Цена в лева Инвентарен номер Систематично азбучна сигнатура Баркод Номер на екземпляра Цена в евро Служебна бележка Служебен тип на артикула
  Не е изгубен Universal Decimal Classification Не е повреден без рестрикции ползва се в читалня 184866 Регионална библиотека "Любен Каравелов" Русе Регионална библиотека "Любен Каравелов" Русе Отдел Изкуство - подръчен фонд 1979-01-01 Отдел Изкуство - подръчен фонд 17.22 311307 739/К 93 И 120000311307 1 8.80 N: стар фонд Дата: 01.01.1979 Дата инв: 07.06.2012 Бележки инв: * Книги
Vip Innovations Ltd, Rousse, Bulgaria 2025